EL ENIGMA METROPOLITANO (Registro nro. 18670)
[ vista simple ]
| 000 -LEADER | |
|---|---|
| fixed length control field | 00452nam a2200169 a 4500 |
| 001 - CONTROL NUMBER | |
| control field | 18670 |
| 005 - DATE AND TIME OF LATEST TRANSACTION | |
| control field | 20180713212011.0 |
| 008 - FIXED-LENGTH DATA ELEMENTS--GENERAL INFORMATION | |
| fixed length control field | 140415s1970 ag 000 0 spa d |
| 041 ## - LANGUAGE CODE | |
| Language code of text/sound track or separate title | spa |
| 082 ## - DEWEY DECIMAL CLASSIFICATION NUMBER | |
| Classification number | 307.76 |
| Item number | ENI |
| 245 03 - TITLE STATEMENT | |
| Title | EL ENIGMA METROPOLITANO |
| 250 ## - EDITION STATEMENT | |
| Edition statement | 1a ed. |
| 260 ## - PUBLICATION, DISTRIBUTION, ETC. | |
| Place of publication, distribution, etc. | ARGENTINA : |
| Name of publisher, distributor, etc. | EDICIONES INFINITO, |
| Date of publication, distribution, etc. | 1970 |
| 300 ## - PHYSICAL DESCRIPTION | |
| Extent | 382 |
| 490 ## - SERIES STATEMENT | |
| Series statement | BIBLIOTECA DE PLANEACION Y VIVIENDA |
| Volume/sequential designation | 13 |
| 650 14 - SUBJECT ADDED ENTRY--TOPICAL TERM | |
| Topical term or geographic name entry element | SOCIOLOGIA URBANA |
| Withdrawn status | Lost status | Source of classification or shelving scheme | Damaged status | Not for loan | Collection code | Home library | Current library | Shelving location | Date acquired | Source of acquisition | Inventory number | Total Checkouts | Full call number | Barcode | Date last seen | Price effective from | Koha item type |
|---|---|---|---|---|---|---|---|---|---|---|---|---|---|---|---|---|---|
| Dewey Decimal Classification | General | Biblioteca Karol Wojtyla | Biblioteca Karol Wojtyla | Sala general | 03/12/2013 | Compra | 151000000000000000053105 | 307.76 ENI | 3801 | 05/01/2026 | 03/12/2013 | Libro |